<?xml version="1.0" encoding="UTF-8"?>
<record
    xmlns:xsi="http://www.w3.org/2001/XMLSchema-instance"
    xsi:schemaLocation="http://www.loc.gov/MARC21/slim http://www.loc.gov/standards/marcxml/schema/MARC21slim.xsd"
    xmlns="http://www.loc.gov/MARC21/slim">

  <leader>00627nam a22001337a 4500</leader>
  <datafield tag="040" ind1=" " ind2=" ">
    <subfield code="c">RUA</subfield>
  </datafield>
  <datafield tag="082" ind1=" " ind2=" ">
    <subfield code="a">RUB DEM 2018 B662 Or.1</subfield>
  </datafield>
  <datafield tag="100" ind1=" " ind2=" ">
    <subfield code="a">DEM NIYE  &#x178C;&#x17B9;&#x1798;&#x200B; &#x178E;&#x17C3;&#x1799;&#x17C1;&#x17C9;</subfield>
  </datafield>
  <datafield tag="245" ind1=" " ind2=" ">
    <subfield code="a">yield comp arison on upw ard tapping system of clone gt 1 at cambodian rubber research institutute  &#x1794;&#x17D2;&#x179A;&#x17C0;&#x1794;&#x1792;&#x17C0;&#x1794;&#x1791;&#x17B7;&#x1793;&#x17D2;&#x1793;&#x1795;&#x179B;&#x179B;&#x17BE;&#x1794;&#x17D2;&#x179A;&#x1796;&#x17D0;&#x1793;&#x17D2;&#x1792;&#x1785;&#x17C0;&#x179A;&#x1798;&#x17BB;&#x1781;&#x179B;&#x17BE;&#x1793;&#x17C3;&#x1780;&#x17D2;&#x179B;&#x17BC;&#x1793; GT1 &#x1793;&#x17C5;&#x179C;&#x1791;&#x17D2;&#x1799;&#x17B6;&#x179F;&#x17D2;&#x1790;&#x17B6;&#x1793;&#x179F;&#x17D2;&#x179A;&#x17B6;&#x179C;&#x1787;&#x17D2;&#x179A;&#x17B6;&#x179C;&#x1780;&#x17C5;&#x179F;&#x17CA;&#x17BC;&#x1780;&#x1798;&#x17D2;&#x1796;&#x17BB;&#x1787;&#x17B6;</subfield>
  </datafield>
  <datafield tag="260" ind1=" " ind2=" ">
    <subfield code="a">rua</subfield>
    <subfield code="b">phnom penh</subfield>
  </datafield>
  <datafield tag="300" ind1=" " ind2=" ">
    <subfield code="a">xii,40p</subfield>
    <subfield code="b">ill,</subfield>
    <subfield code="c">29cm</subfield>
  </datafield>
  <datafield tag="856" ind1=" " ind2=" ">
    <subfield code="u"> DEM NIYE</subfield>
  </datafield>
  <datafield tag="942" ind1=" " ind2=" ">
    <subfield code="c">RUB</subfield>
  </datafield>
  <datafield tag="999" ind1=" " ind2=" ">
    <subfield code="c">19129</subfield>
    <subfield code="d">19129</subfield>
  </datafield>
  <datafield tag="952" ind1=" " ind2=" ">
    <subfield code="0">0</subfield>
    <subfield code="1">0</subfield>
    <subfield code="2">ddc</subfield>
    <subfield code="4">0</subfield>
    <subfield code="6">RUB_DEM_2018_000000000000000_B662_OR_1</subfield>
    <subfield code="7">0</subfield>
    <subfield code="9">83966</subfield>
    <subfield code="a">LBB</subfield>
    <subfield code="b">LBB</subfield>
    <subfield code="d">2020-03-13</subfield>
    <subfield code="o">RUB DEM 2018 B662 Or.1</subfield>
    <subfield code="p">a065370</subfield>
    <subfield code="r">2020-03-13</subfield>
    <subfield code="w">2020-03-13</subfield>
    <subfield code="y">RUB</subfield>
  </datafield>
  <datafield tag="952" ind1=" " ind2=" ">
    <subfield code="0">0</subfield>
    <subfield code="1">0</subfield>
    <subfield code="2">ddc</subfield>
    <subfield code="4">0</subfield>
    <subfield code="6">RUB_DEM_2018_000000000000000_B662_OR_2</subfield>
    <subfield code="7">0</subfield>
    <subfield code="9">83967</subfield>
    <subfield code="a">LBB</subfield>
    <subfield code="b">LBB</subfield>
    <subfield code="c">B662</subfield>
    <subfield code="d">2020-03-13</subfield>
    <subfield code="o">RUB DEM 2018 B662 Or.2</subfield>
    <subfield code="p">A42495</subfield>
    <subfield code="r">2020-03-13</subfield>
    <subfield code="w">2020-03-13</subfield>
    <subfield code="y">RUB</subfield>
  </datafield>
  <datafield tag="952" ind1=" " ind2=" ">
    <subfield code="0">0</subfield>
    <subfield code="1">0</subfield>
    <subfield code="2">ddc</subfield>
    <subfield code="4">0</subfield>
    <subfield code="6">RUB_DEM_2018_000000000000000_B662_OR_3</subfield>
    <subfield code="7">0</subfield>
    <subfield code="9">83968</subfield>
    <subfield code="a">LBB</subfield>
    <subfield code="b">LBB</subfield>
    <subfield code="c">B662</subfield>
    <subfield code="d">2020-03-13</subfield>
    <subfield code="o">RUB DEM 2018 B662 Or.3</subfield>
    <subfield code="p">A44245</subfield>
    <subfield code="r">2020-03-13</subfield>
    <subfield code="w">2020-03-13</subfield>
    <subfield code="y">RUB</subfield>
  </datafield>
  <datafield tag="952" ind1=" " ind2=" ">
    <subfield code="0">0</subfield>
    <subfield code="1">0</subfield>
    <subfield code="2">ddc</subfield>
    <subfield code="4">0</subfield>
    <subfield code="6">RUB_DEM_2018_000000000000000_B662_OR_4</subfield>
    <subfield code="7">0</subfield>
    <subfield code="9">83969</subfield>
    <subfield code="a">LBB</subfield>
    <subfield code="b">LBB</subfield>
    <subfield code="c">B662</subfield>
    <subfield code="d">2020-03-13</subfield>
    <subfield code="o">RUB DEM 2018 B662 Or.4</subfield>
    <subfield code="p">A44240</subfield>
    <subfield code="r">2020-03-13</subfield>
    <subfield code="w">2020-03-13</subfield>
    <subfield code="y">RUB</subfield>
  </datafield>
  <datafield tag="952" ind1=" " ind2=" ">
    <subfield code="0">0</subfield>
    <subfield code="1">0</subfield>
    <subfield code="2">ddc</subfield>
    <subfield code="4">0</subfield>
    <subfield code="6">RUB_DEM_2018_000000000000000_B662_OR_5</subfield>
    <subfield code="7">0</subfield>
    <subfield code="9">83970</subfield>
    <subfield code="a">LBB</subfield>
    <subfield code="b">LBB</subfield>
    <subfield code="c">B662</subfield>
    <subfield code="d">2020-03-13</subfield>
    <subfield code="o">RUB DEM 2018 B662 Or.5</subfield>
    <subfield code="p">A43002</subfield>
    <subfield code="r">2020-03-13</subfield>
    <subfield code="w">2020-03-13</subfield>
    <subfield code="y">RUB</subfield>
  </datafield>
  <datafield tag="952" ind1=" " ind2=" ">
    <subfield code="0">0</subfield>
    <subfield code="1">0</subfield>
    <subfield code="2">ddc</subfield>
    <subfield code="4">0</subfield>
    <subfield code="6">RUB_DEM_2018_000000000000000_B662_OR_6</subfield>
    <subfield code="7">0</subfield>
    <subfield code="9">83971</subfield>
    <subfield code="a">LBB</subfield>
    <subfield code="b">LBB</subfield>
    <subfield code="c">B662</subfield>
    <subfield code="d">2020-03-13</subfield>
    <subfield code="o">RUB DEM 2018 B662 Or.6</subfield>
    <subfield code="p">A44340</subfield>
    <subfield code="r">2020-03-13</subfield>
    <subfield code="w">2020-03-13</subfield>
    <subfield code="y">RUB</subfield>
  </datafield>
</record>
